Lamentations of a shopkeeper for his sluttish daughter? Tadeusz Borowski and His “Holocaust Socialist Realism”

Titel: Lamentations of a shopkeeper for his sluttish daughter? Tadeusz Borowski and His “Holocaust Socialist Realism” / Paweł Wolski
Verfasser:
In: Holocaust studies, Band 23, Heft 1-2 (2017), Seite 199-207
alle Artikel anzeigen Jews and gentiles in Central and Eastern Europe during the Holocaust, Band 23, Heft 1-2 (2017), Seite 199-207
alle Artikel anzeigen
Veröffentlicht: 2017
Format: Aufsatz
Sprache: Englisch
Schlagworte:
Kein Bild verfügbar
X
alg: 49376359
001A    $03025:27-04-22 
001B    $01999:27-04-22 $t22:42:11.000 
001D    $03025:27-04-22 
001U    $0utf8 
001X    $00 
002@    $0Oou 
002C    $aText $btxt $2rdacontent 
002D    $aComputermedien $bc $2rdamedia 
002E    $aOnline-Ressource $bcr $2rdacarrier 
003@    $0493763597 
007A    $0493763597 $aHEB 
009Q    $uhttps://doi.org/10.1080/17504902.2016.1209843 $xH 
010@    $aeng 
010E    $erda 
011@    $a2017 
021A    $aLamentations of a shopkeeper for his sluttish daughter? Tadeusz Borowski and His “Holocaust Socialist Realism” $hPaweł Wolski 
028A    $BVerfasser $4aut $71038872049 $8Wolski, Paweł$Z1980- [Tp3] $9327927143 
031A    $d23 $e1-2 $h199-207 $j2017 
039B    $aEnthalten in $8--Obvc--. Holocaust studies. - Abingdon {[u.a.] : Routledge, 2005-. - Online-Ressource. - ISSN 2048-4887 $x201700000230001801 $9303643609 
039B    $aEnthalten in $8--Aau--. Jews and gentiles in Central and Eastern Europe during the Holocaust. - London : Routledge, 2018. - ix, 230 Seiten. - 1 Illustration, 1 Diagramm. - ISBN 978-1-138-06132-3 $9419319042 
044K    $7121079708 $8Borowski, Tadeusz$Z1922-1951 [Tp1] $9088026531 
044K    $RKongresspolen $RWestgalizien $#Generalgouvernement Polen $#Polska $#Rzeczpospolita Polska $#Polska Rzeczpospolita Ludowa $#Poland $#Pologne $#République Polonaise $#Generalne Gubernatorstwo w Polsce $#Polish People's Republic $#Polska Rzeczpospolita Polen $#PRL $#RP $#Polen Generalgouvernement $#Polska Generalgouvernement $#Besetzte Polnische Gebiete $#Besetztes Gebiet in Polen $#Okupowane Polskie Obszary $#Obszary Okupowane w Polsce $#Volksrepublik Polen $#Polska Rosyjska $#Republic Polen $#Respublika Pol'ša $#Pol'skaja Narodnaja Respublika $#République de Pologne $#Polen Links der Weichsel $#Polska po Lewej Stronie Wisły $#Lenkija $#Polija $#Gubernija Carstva Pol'skago $#Republik Polen $74046496-9 $8Polen [Tg1] $9085129801 
044K    $RBuch $RSchriftsteller $#Literature $#Littérature $#Letteratura $#Literatura $#literature $#Literature $#Literatur $#Literatur $#Belletristik $#Dichtung Literatur $#Schöne Literatur $#Sprachkunst $#Wortkunst $74035964-5 $8Literatur [Tsz] $9085097128 
044K    $RJudenverfolgung $RNationalsozialistisches Verbrechen $RVernichtungslager $#Holocaust, Jewish (1939-1945) $#Shoah $#Holocausto judío (1939-1945) $#Endlösung $#Holocaust $#Holokaust $#Judenfrage Endlösung $#Schoah $#Shoah $#Shoʾah $#Shoa $#Drittes Reich Judenvernichtung $#Šô'ā $#Juden Vernichtung $74073091-8 $8Judenvernichtung [Ts1] $9085205818 
044K    $RRealismus $RProletkult $#Socialist realism in art $#Socialist realism $#Socialist realism in literature $#Réalisme socialiste (art) $#Réalisme socialiste $#Réalisme socialiste (littérature) $#Realismo socialista $#Realismo socialista En el arte $#sozialistischer Realismus $#Sozrealismus $74055848-4 $8Sozialistischer Realismus [Ts1] $9085155586 
045F    $a900.94380904 $eDDC23BSB 
045F/01 $a900 
045F/03 $f0904 
045F/03 $g438 
045R    $aGeschichte 1948-1950 
045R/01 $aGeschichte 1940-1998 
045T    $a8 $a1 
045T    $aJUDAICA $qDE-30 $2FID 

lok: 49376359 78

exp: 49376359 78 1 #EPN
201B/01 $027-04-22 $t11:31:22.000 
201C/01 $027-04-22 
201U/01 $0utf8 
203@/01 $01196507422 
208@/01 $a27-04-22 $be 
209A/01 $a/ $f000 $x00 
209A/01 $ab*p $x01 
220C/01 $apgar 
244Z/01 $#Generalgouvernement Polen $#Polska $#Rzeczpospolita Polska $#Polska Rzeczpospolita Ludowa $#Poland $#Pologne $#République Polonaise $#Generalne Gubernatorstwo w Polsce $#Polish People's Republic $#Polska Rzeczpospolita Polen $#PRL $#RP $#Polen Generalgouvernement $#Polska Generalgouvernement $#Besetzte Polnische Gebiete $#Besetztes Gebiet in Polen $#Okupowane Polskie Obszary $#Obszary Okupowane w Polsce $#Volksrepublik Polen $#Polska Rosyjska $#Republic Polen $#Respublika Pol'ša $#Pol'skaja Narodnaja Respublika $#République de Pologne $#Polen Links der Weichsel $#Polska po Lewej Stronie Wisły $#Lenkija $#Polija $#Gubernija Carstva Pol'skago $#Republik Polen $74046496-9 $8--Tg1--Polen $x01 $9085129801 
247C/01 $82080>Marburg/Lahn, Herder-Institut, Forschungsbibliothek, Bibliographieportal $9336309341
LEADER 00000caa a2200000 c 4500
001 493763597
003 DE-603
005 20220427224211.0
007 cr||||||||||||
008 220427s2017 xx |||| o| u00||u|eng c
035 |a (DE-599)HEB493763597 
040 |a DE-603  |b ger  |c DE-603  |d DE-603  |e rda 
041 |a eng 
082 0 4 |8 1\u  |a 900.94380904  |q DE-101  |2 23/BSB 
084 |a 8  |a 1  |2 ssgn 
084 |a JUDAICA  |q DE-30  |2 fid 
085 |8 1\u  |b 900 
085 |8 1\u  |z 1  |s 0904 
085 |8 1\u  |z 2  |s 438 
100 1 |a Wolski, Paweł  |d 1980-  |e Verfasser  |4 aut  |0 (DE-603)327927143  |0 (DE-588)1038872049  |2 gnd 
245 0 0 |a Lamentations of a shopkeeper for his sluttish daughter? Tadeusz Borowski and His “Holocaust Socialist Realism”  |c Paweł Wolski 
264 0 |c 2017 
336 |a Text  |b txt  |2 rdacontent 
337 |a Computermedien  |b c  |2 rdamedia 
338 |a Online-Ressource  |b cr  |2 rdacarrier 
600 1 7 |a Borowski, Tadeusz  |d 1922-1951  |0 (DE-588)121079708  |0 (DE-603)088026531  |2 gnd 
648 7 |a Geschichte 1948-1950  |2 gnd 
648 7 |a Geschichte 1940-1998  |2 gnd 
650 7 |a Literatur  |0 (DE-588)4035964-5  |0 (DE-603)085097128  |2 gnd 
650 7 |a Judenvernichtung  |0 (DE-588)4073091-8  |0 (DE-603)085205818  |2 gnd 
650 7 |a Sozialistischer Realismus  |0 (DE-588)4055848-4  |0 (DE-603)085155586  |2 gnd 
651 7 |a Polen  |0 (DE-588)4046496-9  |0 (DE-603)085129801  |2 gnd 
773 0 8 |i Enthalten in  |t Holocaust studies  |d Abingdon ˜[u.a.] œ: Routledge, 2005-  |h Online-Ressource  |x 2048-4887  |g Band 23, Heft 1-2 (2017), Seite 199-207  |w (DE-603)303643609  |w (DE-600)2668830-X 
773 0 8 |i Enthalten in  |t Jews and gentiles in Central and Eastern Europe during the Holocaust  |d London : Routledge, 2018  |h ix, 230 Seiten, 1 Illustration, 1 Diagramm  |z 9781138061323  |g Band 23, Heft 1-2 (2017), Seite 199-207  |w (DE-603)419319042 
856 |u https://doi.org/10.1080/17504902.2016.1209843  |x Verlag 
924 1 |9 2080  |a (DE-603)1196507422  |b DE-2080  |c HES  |d d  |g /